Fast concurrent simulation using the time warp mechanism /

Bibliographic Details
Main Author: Jefferson, David (David R.)
Corporate Authors: United States. Air Force, Rand Corporation
Other Authors: Sowizral, Henry A., 1955-
Format: Book
Language:English
Published: Santa Monica, CA : Rand, [1982-]
Series:Rand note ; N-1906-AF.
Subjects:

MARC

Tag First Indicator Second Indicator Subfields
LEADER 00000cam a2200000ua 4500
001 in00001132575
005 20160215105745.0
008 910220m19829999cau b 000 0 eng d
035 |a (OCoLC)23194425 
035 |9 AFX4613AM 
040 |a TEU  |c TEU  |d TXA  |d UtOrBLW 
049 |a TXAM 
090 |a QA76.9.C65  |b J44 1982 
100 1 |a Jefferson, David  |q (David R.) 
245 1 0 |a Fast concurrent simulation using the time warp mechanism /  |c David Jefferson, Henry Sowizral. 
264 1 |a Santa Monica, CA :  |b Rand,  |c [1982-] 
264 4 |c ©1982- 
300 |a volumes :  |b illustrations ;  |c 23 cm. 
336 |a text  |b txt  |2 rdacontent 
337 |a unmediated  |b n  |2 rdamedia 
338 |a volume  |b nc  |2 rdacarrier 
490 1 |a Rand note ;  |v N-1906-AF 
500 |a "Prepared for the United States Air Force." 
504 |a Bibliography: pages 55-56 (pt.1). 
505 1 |a Pt. 1. Local control. 
650 0 |a Computer simulation. 
650 0 |a Discrete-time systems. 
700 1 |a Sowizral, Henry A.,  |d 1955- 
710 1 |a United States.  |b Air Force. 
710 2 |a Rand Corporation. 
740 0 |a Time warp mechanism. 
830 0 |a Rand note ;  |v N-1906-AF. 
999 |a MARS 
999 f f |s 056ea36d-b4c3-31b5-955a-e1432da14a78  |i de48de25-c8ac-3485-8091-e037a446e20a  |t 0 
952 f f |p ric  |a Texas A&M University  |b Rellis Campus  |c Joint Library Facility  |d Remote Storage  |t 0  |e QA76.9.C65 J44 1982  |h Library of Congress classification  |i unmediated -- volume  |k pt.1  |m A14814188176 
998 f f |a QA76.9.C65 J44 1982  |s pt.1  |t 0  |l Remote Storage